000 00790nam a2200241Ia 4500
003 OSt
005 20220926005416.0
006 a|||||r|||| 00| 0
007 ta
008 220923b |||||||| |||| 00| 0 eng d
020 _a9788187358701
_c795.00
037 _b1276, 08/03/2017, Dhanraj Book House
_cGeneral Book
040 _aRTL
_cRTL
_beng
041 _2eng
_aeng
082 _aY9(T)v.2.P, Q3
100 _aLARDINOIS Roland
_9310221
245 0 _aScholars and prophets
_b Soicology of India from France 19th-20th centuries
260 _a New Delhi
_bSocial Science Press
_c2013
300 _ax,565p.
_ccm.
650 _aSociology
942 _hY9(T)v.2.P, Q3
_cGB
_2CC
999 _c613722
_d613722